| 000 | 00439nam a2200181 a 4500 | ||
|---|---|---|---|
| 005 | 20140414173342.0 | ||
| 008 | 110715s19uu xx 00 eng d | ||
| 020 | _a9789604034192 | ||
| 050 |
_aER _bC48 2007 |
||
| 100 | _aGrimm (The Brothers) | ||
| 245 | _aCinderella. | ||
| 260 |
_aNew York : _bWestern, _c2007. |
||
| 300 | _a36 | ||
| 440 | _aTheatrical reader | ||
| 650 |
_aCinderella- _xfiction |
||
| 942 | _cBK | ||
| 999 |
_c115447 _d115447 |
||